[Event "Vellmar op-A 5th"]
[Site "Vellmar"]
[Date "2013.07.26"]
[Round "3"]
[White "Soeder, Maximilian"]
[Black "Weber, Hubert"]
[Result "0-1"]
[WhiteElo "1672"]
[BlackElo "1999"]
[PlyCount "50"]
[EventDate "2013.07.25"]
[EventType "swiss"]
[EventRounds "7"]
[EventCountry "GER"]
[SourceTitle "EXT 2015"]
[Source "ChessBase"]
[SourceDate "2014.11.20"]
[SourceVersion "1"]
[SourceVersionDate "2014.11.20"]
[SourceQuality "1"]

1. Nf3 Nf6 2. g3 d6 3. Bg2 g6 4. 0-0 Bg7 5. d3 0-0 6. c4 e5 7. Nc3 Nc6 8. Qb3 h6 9. Bd2 Rb8 10. Rab1 Be6 11. Qc2 a5 12. a3 Qd7 13. Rfd1 Kh7 14. b4 axb4 15. axb4 Nh5 16. b5 Ne7 17. e4 f5 18. Re1 f4 19. Ne2 g5 20. Bh1 Ng6 21. Rf1 Bg4 22. Rbe1 fxg3 23. hxg3 Bxf3 24. Bxf3 Rxf3 25. g4 Qxg4+ 0-1

[Event "Vellmar op-A 5th"]
[Site "Vellmar"]
[Date "2013.07.26"]
[Round "2"]
[White "Weber, Hubert"]
[Black "Sieber, Fiona"]
[Result "0-1"]
[WhiteElo "1999"]
[BlackElo "1868"]
[PlyCount "54"]
[EventDate "2013.07.25"]
[EventType "swiss"]
[EventRounds "7"]
[EventCountry "GER"]
[SourceTitle "EXT 2015"]
[Source "ChessBase"]
[SourceDate "2014.11.20"]
[SourceVersion "1"]
[SourceVersionDate "2014.11.20"]
[SourceQuality "1"]

1. Nf3 Nf6 2. c4 e6 3. e3 d5 4. b3 c5 5. Bb2 Nc6 6. d4 cxd4 7. Nxd4 Bb4+ 8. Bc3 Bxc3+ 9. Nxc3 Qa5 10. Qd2 Nxd4 11. exd4 0-0 12. c5 e5 13. f3 exd4 14. Qxd4 b6 15. cxb6 Re8+ 16. Kf2 axb6 17. Bb5 Bd7 18. a4 Rac8 19. b4 Qa7 20. Bd3 Bc6 21. a5 Nd7 22. Bf5 g6 23. Bxd7 Qxd7 24. axb6 Bb7 25. Ne4 Rc2+ 26. Kg1 Rxe4 27. fxe4 Qg4 0-1

[Event "Vellmar op-A 5th"]
[Site "Vellmar"]
[Date "2013.07.25"]
[Round "1"]
[White "Langheinrich, Ferenc"]
[Black "Weber, Hubert"]
[Result "1-0"]
[WhiteElo "2434"]
[BlackElo "1999"]
[PlyCount "81"]
[EventDate "2013.07.25"]
[EventType "swiss"]
[EventRounds "7"]
[EventCountry "GER"]
[SourceTitle "EXT 2015"]
[Source "ChessBase"]
[SourceDate "2014.11.20"]
[SourceVersion "1"]
[SourceVersionDate "2014.11.20"]
[SourceQuality "1"]

1. e4 d6 2. d4 Nf6 3. Nc3 g6 4. f3 c6 5. Be3 Qc7 6. Qd2 b5 7. g4 h6 8. 0-0-0 Nbd7 9. h4 Nb6 10. Nh3 b4 11. Nb1 a5 12. g5 Nh5 13. Bd3 d5 14. Nf4 hxg5 15. hxg5 e6 16. Nxh5 gxh5 17. Bf4 Bd6 18. Bxd6 Qxd6 19. g6 fxg6 20. Qg5 Ra7 21. Nd2 Rg7 22. e5 Qe7 23. Bxg6+ Kd8 24. Qxe7+ Kxe7 25. Rxh5 Rxh5 26. Bxh5 a4 27. Bg4 c5 28. Nf1 cxd4 29. Rxd4 Nc4 30. b3 axb3 31. axb3 Nxe5 32. Rxb4 Nxg4 33. fxg4 e5 34. Ne3 d4 35. Nc4 Ke6 36. Rb6+ Kd5 37. Rb5+ Kc6 38. Rxe5 Rxg4 39. b4 Rf4 40. Rc5+ Kb7 41. Nd6+ 1-0

[Event "Muensterland Verbandsklasse-A 0910"]
[Site "Germany"]
[Date "2010.02.20"]
[Round "7.3"]
[White "Weber, Hubert"]
[Black "Bienhuels, Michael"]
[Result "1/2-1/2"]
[WhiteElo "1945"]
[BlackElo "1785"]
[PlyCount "130"]
[EventDate "2009.09.19"]
[EventType "team-tourn"]
[EventRounds "9"]
[EventCountry "GER"]
[SourceTitle "EXT 2011"]
[Source "ChessBase"]
[SourceDate "2010.11.26"]
[SourceVersion "1"]
[SourceVersionDate "2010.11.26"]
[SourceQuality "1"]
[WhiteTeam "Olfen"]
[BlackTeam "Duelmen"]
[WhiteTeamCountry "GER"]
[BlackTeamCountry "GER"]

1. Nf3 Nf6 2. c4 g6 3. Nc3 Bg7 4. d4 d6 5. Bf4 0-0 6. h3 Nbd7 7. e3 a6 8. Be2 c5 9. 0-0 Qc7 10. Rc1 b6 11. Nd5 Qd8 12. Qc2 Nxd5 13. cxd5 Bb7 14. dxc5 bxc5 15. e4 Qb6 16. b3 a5 17. Nd2 Ba6 18. Nc4 Bxc4 19. Bxc4 Rfb8 20. Bd2 Qa7 21. a4 Ne5 22. Bb5 Rxb5 23. axb5 Qb6 24. Be3 Qxb5 25. Rfd1 Nd7 26. f4 Nb8 27. Qc4 Qxc4 28. Rxc4 Nd7 29. Kf2 Rb8 30. Rd3 Nb6 31. Rc2 a4 32. bxa4 Nxa4 33. Ra3 Nb2 34. Ke2 c4 35. Ra2 c3 36. Ra7 Bf6 37. Rc7 Kg7 38. g4 h6 39. h4 g5 40. fxg5 hxg5 41. hxg5 Be5 42. Rxe7 Nc4 43. Bc1 Rh8 44. Kd3 Nb2+ 45. Bxb2 cxb2 46. Rb7 Rh3+ 47. Kc4 Re3 48. Rbxb2 Bxb2 49. Rxb2 Rxe4+ 50. Kb5 Kg6 51. Rf2 Rxg4 52. Kc6 Rxg5 53. Kxd6 Rg1 54. Ke7 Re1+ 55. Kd7 f5 56. d6 Kg5 57. Rd2 f4 58. Kc7 Rc1+ 59. Kd8 f3 60. d7 Ra1 61. Ke7 Ra8 62. d8Q Rxd8 63. Rxd8 Kg4 64. Ke6 f2 65. Rf8 Kg3 1/2-1/2

[Event "Muensterland Verbandsklasse-A 0910"]
[Site "Germany"]
[Date "2009.09.19"]
[Round "1.3"]
[White "Weber, Hubert"]
[Black "Reinhold, Klaus"]
[Result "1-0"]
[WhiteElo "1945"]
[BlackElo "1932"]
[PlyCount "71"]
[EventDate "2009.09.19"]
[EventType "team-tourn"]
[EventRounds "9"]
[EventCountry "GER"]
[SourceTitle "EXT 2011"]
[Source "ChessBase"]
[SourceDate "2010.11.26"]
[SourceVersion "1"]
[SourceVersionDate "2010.11.26"]
[SourceQuality "1"]
[WhiteTeam "Olfen"]
[BlackTeam "Gronau"]
[WhiteTeamCountry "GER"]
[BlackTeamCountry "GER"]

1. Nf3 d5 2. d4 Nf6 3. c4 c6 4. g3 Bf5 5. Bg2 e6 6. 0-0 Be7 7. Nc3 h6 8. cxd5 cxd5 9. Qb3 Qb6 10. Ne5 Nc6 11. Be3 0-0 12. Rfc1 Rfc8 13. Qxb6 axb6 14. Nxc6 bxc6 15. f3 c5 16. Kf2 cxd4 17. Bxd4 Bc5 18. Bxc5 Rxc5 19. e4 dxe4 20. fxe4 Bg6 21. h3 Rac8 22. Rd1 Rc4 23. Ke3 R8c5 24. Rd8+ Kh7 25. Rad1 Rb4 26. R1d2 Ng8 27. R8d4 Rxd4 28. Rxd4 Ne7 29. Rb4 Rc6 30. Bf1 e5 31. g4 h5 32. Bd3 hxg4 33. hxg4 f6 34. Rb5 Bf7 35. Nd5 Bxd5 36. exd5+ 1-0

[Event "Muensterland Verbandsliga 0809"]
[Site "Germany"]
[Date "2009.03.21"]
[Round "8.2"]
[White "Ringwelski, Marius"]
[Black "Weber, Hubert"]
[Result "1/2-1/2"]
[WhiteElo "2040"]
[BlackElo "2078"]
[PlyCount "91"]
[EventDate "2008.09.20"]
[EventType "team-tourn"]
[EventRounds "9"]
[EventCountry "GER"]
[SourceTitle "EXT 2010"]
[Source "ChessBase"]
[SourceDate "2010.11.25"]
[SourceVersion "1"]
[SourceVersionDate "2010.11.25"]
[SourceQuality "1"]
[WhiteTeam "Sendenhorst"]
[BlackTeam "Olfen"]
[WhiteTeamCountry "GER"]
[BlackTeamCountry "GER"]

1. Nf3 d6 2. d4 Nf6 3. Nc3 g6 4. e4 Bg7 5. h3 c6 6. a4 a5 7. Be3 0-0 8. Qd2 Na6 9. Bc4 Nb4 10. Bb3 d5 11. e5 Ne8 12. 0-0 Nc7 13. Ne2 Ne6 14. c3 Na6 15. Nh2 Nac7 16. f4 f5 17. g4 Qe8 18. Ng3 Nd8 19. gxf5 Bxf5 20. Nxf5 gxf5 21. Kh1 Kh8 22. Rg1 Bh6 23. Rg3 Nde6 24. Rag1 Qf7 25. c4 b6 26. cxd5 Nxd5 27. Bxd5 cxd5 28. Rc1 Rac8 29. Nf3 Qh5 30. Kh2 Rg8 31. Rxc8 Rxc8 32. Ne1 Qe8 33. Qg2 Bxf4 34. Bxf4 Nxf4 35. Qf3 Ng6 36. Qxf5 Qf8 37. Qxf8+ Nxf8 38. Rb3 Rc1 39. Nd3 Rd1 40. Kg3 Ne6 41. Nf2 Nxd4 42. Rxb6 Rd2 43. b4 axb4 44. Rxb4 Nc6 45. Rb7 Ra2 46. Rc7 1/2-1/2

[Event "Dortmund Sparkassen op"]
[Site "Dortmund"]
[Date "2008.07.03"]
[Round "5"]
[White "Weber, Hubert"]
[Black "Porth, Hartmut"]
[Result "0-1"]
[WhiteElo "2078"]
[BlackElo "2187"]
[PlyCount "76"]
[EventDate "2008.06.30"]
[EventType "swiss"]
[EventRounds "9"]
[EventCountry "GER"]
[SourceTitle "CBM 125 Extra"]
[Source "ChessBase"]
[SourceDate "2008.09.01"]
[SourceVersion "1"]
[SourceVersionDate "2008.09.01"]
[SourceQuality "1"]

1. Nf3 Nc6 2. g3 e5 3. d3 g6 4. Bg2 Bg7 5. c4 d6 6. Nc3 Nge7 7. 0-0 0-0 8. Bd2 h6 9. Rb1 a5 10. a3 Kh7 11. b4 axb4 12. axb4 f5 13. b5 Nb8 14. Qc2 Be6 15. Ra1 Nd7 16. Rfb1 Nc5 17. Ne1 Qd7 18. Be3 Rxa1 19. Rxa1 b6 20. Ra7 f4 21. Bxc5 dxc5 22. Nf3 Nf5 23. Nd5 Bxd5 24. cxd5 Nd4 25. Nxd4 exd4 26. Be4 Be5 27. Qa4 Qf7 28. Bf3 h5 29. Ra8 fxg3 30. hxg3 h4 31. Rxf8 Qxf8 32. gxh4 Qf4 33. Qa8 c4 34. Be4 c3 35. Qe8 Qf6 36. Qd7+ Kh6 37. Qh3 c2 38. Qf1 Qf4 0-1

[Event "Muensterland Verbandsliga 0708"]
[Site "Germany"]
[Date "2008.01.12"]
[Round "5.1"]
[White "Weber, Hubert"]
[Black "Wetterau, Georg"]
[Result "0-1"]
[WhiteElo "1968"]
[BlackElo "1910"]
[PlyCount "98"]
[EventDate "2007.09.08"]
[EventType "team"]
[EventRounds "9"]
[EventCountry "GER"]
[SourceTitle "EXT 2009"]
[Source "ChessBase"]
[SourceDate "2008.11.26"]
[SourceVersion "1"]
[SourceVersionDate "2008.11.26"]
[SourceQuality "1"]
[WhiteTeam "Olfen"]
[BlackTeam "Nordwalde"]
[WhiteTeamCountry "GER"]
[BlackTeamCountry "GER"]

1. Nf3 Nf6 2. d4 e6 3. g3 d5 4. Bg2 c5 5. c4 dxc4 6. 0-0 Nc6 7. Qa4 cxd4 8. Nxd4 Qxd4 9. Bxc6+ Bd7 10. Rd1 Qxd1+ 11. Qxd1 Bxc6 12. Nd2 Rd8 13. Qc2 h5 14. h4 Bb4 15. Nf1 b5 16. f3 Nd5 17. a4 Bc5+ 18. Kg2 Nb4 19. Qc3 0-0 20. axb5 Bxb5 21. b3 Nd5 22. Qc2 c3 23. e4 Nf6 24. Ra5 a6 25. Ne3 Bb4 26. Rxb5 axb5 27. Qe2 Rb8 28. Nc2 Be7 29. Bg5 Rfd8 30. Be3 Nd7 31. f4 Nc5 32. Qxh5 Nxe4 33. Qe5 Nd2 34. Qxc3 Rbc8 35. Qb2 Rd3 36. Kf2 Nxb3 37. Ke2 Rdc3 38. Kd1 Bf6 39. Qa2 Nc5 40. Bxc5 R3xc5 41. Ne3 Bd4 42. Ng4 Rc1+ 43. Kd2 Rg1 44. Kd3 Ba1 45. Qa6 Rxg3+ 46. Ne3 Rc3+ 47. Kd2 Rcxe3 48. Qxa1 Ra3 49. Qd4 Rad3+ 0-1

[Event "Muensterland Verbandsliga 0708"]
[Site "Germany"]
[Date "2007.09.08"]
[Round "1.2"]
[White "Weber, Hubert"]
[Black "Althoff, Franz"]
[Result "1/2-1/2"]
[WhiteElo "1968"]
[BlackElo "2149"]
[PlyCount "112"]
[EventDate "2007.09.08"]
[EventType "team"]
[EventRounds "9"]
[EventCountry "GER"]
[SourceTitle "EXT 2009"]
[Source "ChessBase"]
[SourceDate "2008.11.26"]
[SourceVersion "1"]
[SourceVersionDate "2008.11.26"]
[SourceQuality "1"]
[WhiteTeam "Olfen"]
[BlackTeam "Westbevern"]
[WhiteTeamCountry "GER"]
[BlackTeamCountry "GER"]

1. Nf3 d5 2. c4 e6 3. g3 Nf6 4. Bg2 Be7 5. b3 c5 6. Bb2 Nc6 7. 0-0 d4 8. d3 0-0 9. e3 e5 10. Na3 Bg4 11. Nc2 Qd7 12. exd4 exd4 13. Qd2 Rad8 14. Rfe1 Bd6 15. b4 b6 16. bxc5 bxc5 17. Rab1 Bxf3 18. Bxf3 Ne5 19. Bg2 Qf5 20. Red1 Nf3+ 21. Bxf3 Qxf3 22. Ne1 Qg4 23. f3 Qh3 24. Qg2 Qe6 25. Bc1 Rb8 26. Bg5 Nd7 27. Qf2 Qg6 28. Bd2 Ne5 29. Rxb8 Rxb8 30. Bc1 Rb1 31. Qc2 Rb4 32. a3 Rb8 33. f4 Ng4 34. Nf3 Ne3 35. Bxe3 dxe3 36. Nh4 Qg4 37. Ng2 Re8 38. Re1 e2 39. Qa4 Re6 40. Qd7 h5 41. Kf2 Be7 42. Qxa7 Bf6 43. Qxc5 Bc3 44. Qd5 Bxe1+ 45. Nxe1 Qh3 46. Qg2 Qf5 47. Qd5 Qf6 48. Qxh5 Qd4+ 49. Kg2 Qc3 50. Kf2 Rh6 51. Qxe2 Rxh2+ 52. Ng2 Qd4+ 53. Kf3 Qa7 54. Qe8+ Kh7 55. Qe4+ Kg8 56. Qe8+ Kh7 1/2-1/2

[Event "Muensterland Verbandsliga 0506"]
[Site "Germany"]
[Date "2006.03.11"]
[Round "8.5"]
[White "Weber, Hubert"]
[Black "Fischer, Andreas"]
[Result "1-0"]
[WhiteElo "1933"]
[BlackElo "1876"]
[PlyCount "169"]
[EventDate "2005.08.27"]
[EventType "team"]
[EventRounds "9"]
[EventCountry "GER"]
[SourceTitle "EXT 2006"]
[Source "ChessBase"]
[SourceDate "2005.11.24"]
[SourceVersion "1"]
[SourceVersionDate "2005.11.24"]
[SourceQuality "1"]
[WhiteTeam "Olfen"]
[BlackTeam "Saerbeck"]
[WhiteTeamCountry "GER"]
[BlackTeamCountry "GER"]

1. Nf3 d5 2. d4 e6 3. Bf4 f5 4. e3 Nf6 5. Bd3 Be7 6. h3 0-0 7. Nbd2 Ne4 8. Qe2 Nd7 9. 0-0-0 c5 10. c4 b6 11. Ne5 Nxe5 12. Bxe5 Bf6 13. g4 Bxe5 14. dxe5 Qe7 15. gxf5 exf5 16. f4 Ng3 17. Qg2 Nxh1 18. cxd5 Bb7 19. Qxh1 Qd7 20. e4 fxe4 21. Qxe4 g6 22. e6 Qd6 23. Rg1 Rf6 24. Qe5 Qxe5 25. fxe5 Rf4 26. Be4 Kf8 27. Rf1 Rxf1+ 28. Nxf1 Re8 29. Nd2 Ba8 30. Kc2 Ke7 31. Kd3 b5 32. Ke3 Rd8 33. d6+ Kxe6 34. Bxa8 Rxa8 35. Ke4 Rc8 36. Nf3 h6 37. Nh4 Rg8 38. Ng2 g5 39. Ne3 Rf8 40. Nd5 Kd7 41. Nc7 Kc6 42. Ne6 Rf1 43. Nd8+ Kd7 44. Nb7 Kc6 45. Na5+ Kd7 46. Kd5 Rd1+ 47. Kxc5 h5 48. Nb3 g4 49. hxg4 hxg4 50. Nd4 Re1 51. Kd5 g3 52. e6+ Rxe6 53. Nxe6 g2 54. Nc5+ Kd8 55. Kc6 g1Q 56. Nb7+ Ke8 57. d7+ Kf7 58. d8Q Qc1+ 59. Nc5 Qxb2 60. Qd5+ Kg6 61. Qe6+ Kh5 62. Qf5+ Kh4 63. Ne4 Qc2+ 64. Kb7 Qc1 65. Qf2+ Kg4 66. Qg3+ Kf5 67. Nd6+ Ke6 68. Qg6+ Kd5 69. Nxb5 Qc5 70. Qf5+ Kc4 71. Qxc5+ Kxc5 72. a4 a5 73. Ka6 Kb4 74. Nc3 Kxc3 75. Kxa5 Kd4 76. Kb6 Kc4 77. a5 Kd5 78. a6 Ke5 79. a7 Kd6 80. a8Q Ke5 81. Kc5 Kf4 82. Kd4 Kf5 83. Qe4+ Kf6 84. Kd5 Kg5 85. Ke5 1-0

[Event "Muensterland Verbandsliga 0506"]
[Site "Germany"]
[Date "2005.09.17"]
[Round "2.5"]
[White "Weber, Hubert"]
[Black "Langendijk, Andre"]
[Result "1/2-1/2"]
[WhiteElo "1933"]
[BlackElo "1889"]
[PlyCount "54"]
[EventDate "2005.08.27"]
[EventType "team"]
[EventRounds "9"]
[EventCountry "GER"]
[SourceTitle "EXT 2006"]
[Source "ChessBase"]
[SourceDate "2005.11.24"]
[SourceVersion "1"]
[SourceVersionDate "2005.11.24"]
[SourceQuality "1"]
[WhiteTeam "Olfen"]
[BlackTeam "Gronau"]
[WhiteTeamCountry "GER"]
[BlackTeamCountry "GER"]

1. d4 Nf6 2. Nf3 c5 3. c3 e6 4. Bg5 h6 5. Bh4 Nc6 6. e3 g5 7. Bg3 Ne4 8. Bd3 Nxg3 9. hxg3 cxd4 10. exd4 Bg7 11. Qe2 Qc7 12. Nbd2 d6 13. d5 Ne7 14. Bb5+ Kf8 15. dxe6 Bxe6 16. 0-0 a6 17. Ba4 b5 18. Bb3 Bd7 19. Nd4 Re8 20. Qf3 f5 21. Qh5 d5 22. Rfe1 Qd6 23. Re2 Nc6 24. Nxc6 Rxe2 25. Qxe2 Bxc6 26. Qd3 Qd7 27. Nf3 Kf7 1/2-1/2

[Event "Muensterland Verbandsliga 0405"]
[Site "Muensterland"]
[Date "2005.03.12"]
[Round "7.4"]
[White "Weber, Hubert"]
[Black "Bloemker, Dirk"]
[Result "1/2-1/2"]
[WhiteElo "1968"]
[BlackElo "2037"]
[PlyCount "93"]
[EventDate "2004.09.18"]
[EventType "team"]
[EventRounds "9"]
[EventCountry "GER"]
[SourceTitle "EXT 2006"]
[Source "ChessBase"]
[SourceDate "2005.11.24"]
[SourceVersion "1"]
[SourceVersionDate "2005.11.24"]
[SourceQuality "1"]
[WhiteTeam "Olfen"]
[BlackTeam "Saerbeck"]
[WhiteTeamCountry "GER"]
[BlackTeamCountry "GER"]

1. d4 d5 2. Nf3 Nf6 3. e3 c6 4. c4 a6 5. a3 Bg4 6. Qc2 Nbd7 7. Nbd2 e6 8. c5 Bf5 9. Bd3 Bxd3 10. Qxd3 e5 11. Nxe5 Nxe5 12. dxe5 Nd7 13. Qc3 Qg5 14. b4 Qxe5 15. Bb2 Qxc3 16. Bxc3 b6 17. cxb6 Nxb6 18. Bd4 Rb8 19. Rc1 Kd7 20. Ke2 f6 21. Rhd1 Bd6 22. h3 Kc7 23. Rc2 Rhc8 24. Bxb6+ Kxb6 25. Nb3 Rc7 26. Nd4 Rbc8 27. Rb1 Re8 28. Rbc1 Rec8 29. Kd3 g6 30. f4 Bf8 31. g4 Bd6 32. f5 Be5 33. Ne6 Re7 34. Rc5 Rd7 35. Ra5 Rd6 36. Nc5 Ra8 37. Rc2 Ra7 38. Nb3 Rc7 39. Nc5 Ra7 40. Nb3 Rc7 41. Rac5 Rd8 42. Na5 Rdc8 43. Nb3 Bd6 44. R5c3 Be5 45. Nd4 Bxd4 46. exd4 gxf5 47. gxf5 1/2-1/2

[Event "Muensterland Verbandsliga 0405"]
[Site "Muensterland"]
[Date "2005.01.29"]
[Round "5.4"]
[White "Weber, Hubert"]
[Black "Hemmert, Michael"]
[Result "0-1"]
[WhiteElo "1968"]
[BlackElo "1946"]
[PlyCount "80"]
[EventDate "2004.09.18"]
[EventType "team"]
[EventRounds "9"]
[EventCountry "GER"]
[SourceTitle "EXT 2006"]
[Source "ChessBase"]
[SourceDate "2005.11.24"]
[SourceVersion "1"]
[SourceVersionDate "2005.11.24"]
[SourceQuality "1"]
[WhiteTeam "Olfen"]
[BlackTeam "Rheine Klein Berlin"]
[WhiteTeamCountry "GER"]
[BlackTeamCountry "GER"]

1. d4 f5 2. Bg5 g6 3. f3 d5 4. Nd2 Bg7 5. c3 Nf6 6. Nh3 Nc6 7. Nf4 e5 8. dxe5 Nxe5 9. Qb3 c6 10. 0-0-0 Qb6 11. Qa3 Qc7 12. h4 h6 13. Bxf6 Bxf6 14. Qc5 Qe7 15. Qxe7+ Kxe7 16. e4 fxe4 17. fxe4 Bg4 18. Re1 g5 19. exd5 gxf4 20. Nc4 cxd5 21. Nxe5 Bxe5 22. Rxe5+ Kd6 23. Re1 Rae8 24. Bb5 Re4 25. Kd2 Rg8 26. Bd3 Rxe1 27. Rxe1 Bh5 28. Bf1 Rg4 29. Kd3 Bg6+ 30. Ke2 Rxh4 31. Kf2 Rh1 32. Kf3 Be4+ 33. Kf2 Ke5 34. Rd1 Kf5 35. Rd4 h5 36. Ra4 a6 37. Rb4 b5 38. a4 bxa4 39. Rxa4 h4 40. Rxa6 Rxf1+ 0-1

[Event "Muensterland Verbandsliga 0304"]
[Site "Germany"]
[Date "2004.04.24"]
[Round "9.3"]
[White "Bloemker, Dirk"]
[Black "Weber, Hubert"]
[Result "1/2-1/2"]
[WhiteElo "2026"]
[BlackElo "1983"]
[PlyCount "84"]
[EventDate "2003.09.27"]
[EventType "team"]
[EventRounds "9"]
[EventCountry "GER"]
[SourceTitle "EXT 2005"]
[Source "ChessBase"]
[SourceDate "2004.11.15"]
[SourceVersion "1"]
[SourceVersionDate "2004.11.15"]
[SourceQuality "1"]
[WhiteTeam "Saerbeck Falke"]
[BlackTeam "Olfen"]
[WhiteTeamCountry "GER"]
[BlackTeamCountry "GER"]

1. d4 Nf6 2. Nf3 d5 3. c3 c6 4. Bf4 Nbd7 5. Nbd2 e6 6. e3 Be7 7. Bd3 Nh5 8. Be5 Nxe5 9. Nxe5 g6 10. 0-0 0-0 11. f4 f5 12. c4 Nf6 13. c5 Bd7 14. b4 Be8 15. a4 Ne4 16. g4 Nxd2 17. Qxd2 Bf6 18. g5 Bxe5 19. dxe5 Bf7 20. Be2 Kg7 21. h4 h6 22. Kg2 hxg5 23. hxg5 Rh8 24. Rh1 Qe7 25. Qc3 Rad8 26. Rxh8 Rxh8 27. Rh1 Be8 28. Rxh8 Kxh8 29. b5 Qc7 30. Qb4 Kg8 31. b6 Qb8 32. a5 Kf7 33. a6 bxa6 34. b7 a5 35. Qb1 a4 36. Ba6 Ke7 37. Qb4 Kd8 38. Qa5+ Kd7 39. Qxa4 Kc7 40. Qa5+ Kd7 41. Qe1 Bf7 42. Qh1 Kc7 1/2-1/2

[Event "Muensterland Verbandsliga 0304"]
[Site "Germany"]
[Date "2003.10.11"]
[Round "2.3"]
[White "Schugal, Michael"]
[Black "Weber, Hubert"]
[Result "1-0"]
[WhiteElo "2146"]
[BlackElo "1983"]
[PlyCount "119"]
[EventDate "2003.09.27"]
[EventType "team"]
[EventRounds "9"]
[EventCountry "GER"]
[SourceTitle "EXT 2005"]
[Source "ChessBase"]
[SourceDate "2004.11.15"]
[SourceVersion "1"]
[SourceVersionDate "2004.11.15"]
[SourceQuality "1"]
[WhiteTeam "Muenster II"]
[BlackTeam "Olfen"]
[WhiteTeamCountry "GER"]
[BlackTeamCountry "GER"]

1. c4 g6 2. g3 Bg7 3. Bg2 d6 4. Nc3 e5 5. d3 f5 6. Rb1 Nf6 7. b4 c6 8. Qb3 a6 9. Nf3 Be6 10. Ng5 Bg8 11. Qa3 Nbd7 12. h4 h6 13. Nf3 Bf7 14. 0-0 Bf8 15. Qb2 Bg7 16. b5 axb5 17. cxb5 c5 18. e4 Nb6 19. Qc2 0-0 20. Rd1 Qc7 21. a4 d5 22. Ra1 fxe4 23. dxe4 d4 24. a5 Nc4 25. b6 Qc6 26. Nb1 Nd7 27. Nbd2 Nxa5 28. Ba3 Rfc8 29. Bh3 Be6 30. Bxe6+ Qxe6 31. Rdb1 Bf8 32. Qb2 c4 33. Bxf8 Nxf8 34. Qb5 c3 35. Rxa5 cxd2 36. Nxd2 Rxa5 37. Qxa5 Nd7 38. Nf3 Qd6 39. Kg2 Kg7 40. Rb5 Rc5 41. Qb4 Kf6 42. Nd2 Rc6 43. Qxd6+ Rxd6 44. Nc4 Rc6 45. Rb4 Ke6 46. Kf3 h5 47. Ke2 Nc5 48. f3 Rc8 49. Na5 Ra8 50. Rb5 Na4 51. Kd3 Rf8 52. f4 exf4 53. gxf4 Rxf4 54. Nxb7 Rxh4 55. Nd8+ Kd6 56. b7 Nc5+ 57. Rxc5 Kxc5 58. b8Q Rh3+ 59. Kd2 g5 60. Qc8+ 1-0

[Event "Muensterland Verbandsklasse-B 0203"]
[Site "Muensterland"]
[Date "2002.12.14"]
[Round "4.4"]
[White "Richters, Alfred"]
[Black "Weber, Hubert"]
[Result "1/2-1/2"]
[WhiteElo "2006"]
[BlackElo "1950"]
[PlyCount "93"]
[EventDate "2002.09.28"]
[EventType "team"]
[EventRounds "9"]
[EventCountry "GER"]
[SourceTitle "EXT 2004"]
[Source "ChessBase"]
[SourceDate "2003.11.25"]
[SourceVersion "1"]
[SourceVersionDate "2003.11.25"]
[SourceQuality "1"]
[WhiteTeam "Suedlohn II"]
[BlackTeam "Olfen"]
[WhiteTeamCountry "GER"]
[BlackTeamCountry "GER"]

1. d4 Nf6 2. Nc3 d5 3. Bg5 Nbd7 4. f3 c6 5. e4 dxe4 6. fxe4 e5 7. dxe5 Qa5 8. Bxf6 gxf6 9. e6 fxe6 10. Qg4 Bb4 11. Qxe6+ Kd8 12. Nge2 Re8 13. Qc4 Ne5 14. 0-0-0+ Ke7 15. Qb3 Be6 16. Qa4 Qxa4 17. Nxa4 Ng4 18. a3 Bd6 19. Rxd6 Kxd6 20. Ng3 b5 21. Nc3 a5 22. Nd1 Ne5 23. Ne3 Rg8 24. Be2 Kc7 25. Rf1 Raf8 26. Nh5 Nd7 27. Nf4 Re8 28. Rd1 Ne5 29. Rf1 Bf7 30. b3 Nd7 31. Bf3 Bg6 32. Nxg6 hxg6 33. Ng4 f5 34. Nf2 Ne5 35. Be2 Rgf8 36. exf5 Rxf5 37. Nh3 Rxf1+ 38. Bxf1 Ng4 39. Bd3 Nxh2 40. Bxg6 Rg8 41. Be4 Rg4 42. Bd3 Rxg2 43. Nf4 Rg1+ 44. Kb2 Nf3 45. Ne6+ Kd6 46. Nd8 Rg7 47. Nxc6 1/2-1/2

[Event "Muensterland Verbandsklasse-B 0203"]
[Site "Muensterland"]
[Date "2002.09.28"]
[Round "1.3"]
[White "Weber, Hubert"]
[Black "Pohl, Detlev"]
[Result "1-0"]
[WhiteElo "1950"]
[BlackElo "1877"]
[PlyCount "72"]
[EventDate "2002.09.28"]
[EventType "team"]
[EventRounds "9"]
[EventCountry "GER"]
[SourceTitle "EXT 2004"]
[Source "ChessBase"]
[SourceDate "2003.11.25"]
[SourceVersion "1"]
[SourceVersionDate "2003.11.25"]
[SourceQuality "1"]
[WhiteTeam "Olfen"]
[BlackTeam "Westbevern II"]
[WhiteTeamCountry "GER"]
[BlackTeamCountry "GER"]

1. c4 e5 2. Nc3 Nc6 3. g3 Nf6 4. Bg2 Bb4 5. Nd5 Nxd5 6. cxd5 Nb8 7. Qa4 Qe7 8. a3 Bc5 9. e3 0-0 10. Ne2 d6 11. 0-0 b5 12. Qc2 Bb6 13. Nc3 a6 14. b4 a5 15. Bb2 Bd7 16. f4 f6 17. fxe5 fxe5 18. Rxf8+ Qxf8 19. Rf1 Qe7 20. Be4 g6 21. Bd3 Na6 22. bxa5 Bxa5 23. Ne4 Rf8 24. Qd1 c5 25. dxc6 Rxf1+ 26. Qxf1 Bxc6 27. Qc1 Nc5 28. Nxc5 dxc5 29. Qc2 Kg7 30. Be4 Be8 31. Qd3 Bc7 32. Qd5 Bd6 33. d4 Bf7 34. dxe5 Kh6 35. exd6 Qd7 36. Qe5 Bc4 1-0